Sports Quiz

Random Sports or NCAA Quiz

FBS Teams by Conference 2013 Quiz Stats

 Plays Quiz not verified by Sporcle

Challenge
Share
Tweet
Embed
Score 0/126 Timer 15:00
0 Plays Today
Conference % Correct
Texas
97.1%
Georgia
96.6%
Florida State
96.3%
Florida
96.3%
Miami (FL)
95.5%
Iowa
95.3%
Georgia Tech
95%
Oklahoma
95%
Texas Tech
94.8%
Michigan
94.5%
USC
94.5%
Alabama
94.5%
North Carolina
94.3%
Iowa State
94.3%
Kansas
94.3%
Kansas State
94.3%
Michigan State
94.3%
Nebraska
94.3%
Ohio
94.3%
Oregon
94.3%
Oklahoma State
94.2%
Minnesota
94.2%
Ohio State
94.2%
Oregon State
94.2%
Colorado
94.2%
UCLA
94.2%
Miami (OH)
94%
Kentucky
94%
Duke
93.9%
Texas Christian
93.9%
Illinois
93.9%
Indiana
93.9%
Stanford
93.9%
Utah
93.9%
Baylor
93.7%
Washington
93.7%
Arizona
93.7%
Virginia
93.5%
West Virginia
93.5%
Arkansas
93.5%
Texas A&M
93.5%
Clemson
93.4%
Conference % Correct
Maryland
93.4%
North Carolina State
93.4%
Arizona State
93.4%
Auburn
93.4%
Mississippi
93.4%
Navy
93.4%
Virginia Tech
93.2%
Penn State
93.2%
Wisconsin
93.2%
Washington State
93.2%
South Carolina
93.1%
Army
93.1%
California
92.9%
Mississippi State
92.7%
BYU
92.7%
Missouri
92.6%
Vanderbilt
92.6%
LSU
92.6%
Notre Dame
92.6%
Purdue
92.4%
Tennessee
92.4%
Boston College
92.2%
Pittsburgh
92.2%
Louisville
92.2%
Syracuse
92.1%
Northwestern
91.9%
Central Florida
91.6%
Air Force
91.6%
Wake Forest
91.1%
Cincinnati
91.1%
New Mexico
91.1%
Boise State
91%
San Diego State
91%
Houston
90.8%
Rutgers
90.6%
Eastern Michigan
90.6%
Southern Methodist
90.5%
South Florida
90.1%
Western Michigan
90.1%
Colorado State
90.1%
New Mexico State
90%
Utah State
89.8%
Conference % Correct
Connecticut
89.7%
Idaho
89%
Central Michigan
88.9%
Nevada
88.4%
Memphis
88.2%
Fresno State
87.7%
UNLV
87.7%
Akron
87.6%
Wyoming
87.4%
Hawaii
87.2%
UTEP
87.1%
Northern Illinois
87.1%
Temple
86.9%
Louisiana-Lafayette
86.9%
Tulsa
86.8%
Tulane
86.6%
San Jose State
86.6%
Rice
86.4%
Toledo
86.4%
Louisiana-Monroe
86.4%
Western Kentucky
85.8%
Florida International
85.3%
Arkansas State
85.3%
East Carolina
85%
Buffalo
84.8%
Kent State
84.7%
Bowling Green
84.5%
Marshall
84%
Ball State
83.8%
UTSA
83.7%
Louisiana Tech
83.5%
Southern Miss
82.9%
Massachusetts
82.9%
Troy
82.9%
North Texas
82.7%
Middle Tennessee State
82.7%
Texas State
81.6%
UAB
80.5%
South Alabama
78.2%
Florida Atlantic
77.2%
Georgia State
77.1%
Old Dominion
73.7%

You're not logged in!

Compare scores with friends on all Sporcle quizzes.
OR
Log In

You Might Also Like...

Show Comments

Extras

Top Quizzes Today


Score Distribution

Your Account Isn't Verified!

In order to create a playlist on Sporcle, you need to verify the email address you used during registration. Go to your Sporcle Settings to finish the process.

Report this User

Report this user for behavior that violates our Community Guidelines.

Details: